Uygarlık Tarihi: (Record no. 14520)

MARC details
000 -BAŞLIK
Sabit Uzunlukta Kontrol Alanı 00637nam a22002177a 4500
999 ## - SİSTEM KONTROL NUMARALARI (KOHA)
Koha Biblionumber 14520
Koha Biblioitemnumber 14520
003 - KONTROL NUMARASI IDENTIFIER
Denetim Alanı MIRAKIL
005 - SON İŞLEM TARİHİ VE ZAMANI
Denetim Alanı 20210923163653.0
008 - SABİT-BOY VERİ ELEMANLARI - GENEL BİLGİLER
Sabit Uzunlukta Kontrol Alanı 210923b tu ||||| |||| 00| 0 tur d
040 ## - KATALOGLAMA KAYNAK
Orijinal Kataloglama Ajansı TR-AnCHP
Metne Dönüştürmek Ajansı TR-AnCHP
041 ## - DİL KODU
Metin / Ses Parça Veya Ayrı Başlığın Dil Kodu Tur
082 ## - DEWEY ONLU SINIFLANDIRMA NUMARASI
Sınıflandırma Numarası 909
Ürün Numarası T05u 1981
100 1# - ANA GİRİŞ - KİŞİSEL İSİM
Kişisel Ad Tanilli, Server
Bir Adıyla İlişkilendirilen Tarihler 1931-2011
245 10 - BAŞLIK TABLOSU
Başlık Uygarlık Tarihi:
Başlığın Kalan Çağdaş Dünyaya giriş/
Sorumluluk Tablosu, Vb Server Tanilli.
246 ## - UNVAN FORM VARYING
Başlık Doğru / Kısa Başlığı Çağdaş Dünyaya giriş
260 ## - YAYIN, DAĞITIM, VB
Yayın, Dağıtım, Vb Yeri İstanbul :
Yayıncı, Dağıtıcı, Vs Adı Say Kitap Pazarlama,
Yayın, Dağıtım, Vb Tarihi 1981.
300 ## - FİZİKSEL TANIM
Kapsam 464 s.:
Boyutlar 23 sm.
490 0# - SERİSİ TABLOSU
Seri Beyanı Bilim Dizisi;
Hacim / Ardışık Tanımı 1.
650 #0 - KONU KATMA GİRİŞ - TOPİKAL DÖNEM
9 (RLIN) 5671
Topikal Süreli Veya Coğrafi Ad Giriş Elemanı Uygarlık
Genel Alt Bölümü Tarih
740 ## - KATMA GİRİŞ - KONTROLSUZ İLGİLİ / ANALİTİK BAŞLIK
Kontrol Edilmeyen / İlgili Analitik Başlıktaki Çağdaş Dünyaya giriş
942 ## - EKLENDİ GİRİŞ ELEMANLARI (KOHA)
Sınıflandırma Veya Raf Düzeni Kaynak Dewey Decimal Classification
Koha Öğesi Türü Books
Holdings
Kalıcı Konum Mevcut Konum Edinme Tarihi Toplam Check-Out'Lar Tam Çağrı Numarası Barkod Tarih Son Görülme İtibaren Geçerli Fiyatlar Sigara Kamu Notu Koha Öğesi Türü
CHP Kütüphanesi CHP Kütüphanesi 09/23/2021   909 T15u 1981 020013 09/23/2021 09/23/2021 Emin Değer Bağışıdır. Books